Statistics for Stadis Independents dal Mund en la Lingua Rumantscha

Click here to take the quiz!

General Stats

  • This quiz has been taken 7 times
  • The average score is 125 of 196

Answer Stats

Stadi % Correct
Afganistan
75%
Monaco
75%
Malta
75%
Maroc
75%
Mauretania
75%
Maurizius
75%
Mexico
75%
Micronesia
75%
Moldavia
75%
Mongolia
75%
Malawi
75%
Montenegro
75%
Myanmar
75%
Namibia
75%
Nauru
75%
Nepal
75%
Nicaragua
75%
Niger
75%
Nigeria
75%
Mali
75%
Malaisia
75%
Oman
75%
Kuwait
75%
Italia
75%
Jemen
75%
Jordania
75%
Katar
75%
Kenia
75%
Kirghisia
75%
Kiribati
75%
Laos
75%
Madagascar
75%
Lesotho
75%
Lettonia
75%
Liberia
75%
Libia
75%
Liechtenstein
75%
Lituania
75%
Luxemburg
75%
Macedonia dal Nord
75%
Norvegia
75%
Pakistan
75%
Islanda
75%
Trinidad e Tobago
75%
Sudan
75%
Surinam
75%
Svizra
75%
São Tomé e Príncipe
75%
Taiwan
75%
Togo
75%
Tonga
75%
Tunesia
75%
Sri Lanca
75%
Turcmenia
75%
Tuvalu
75%
Ucraina
75%
Uganda
75%
Uruguai
75%
Vanuatu
75%
Vatican
75%
Venezuela
75%
Stadis Unids
75%
Son Marin
75%
Palau
75%
Ruanda
75%
Panama
75%
Papua-Nova-Guinea
75%
Paraguai
75%
Perù
75%
Portugal
75%
Republica Democrata
dal Congo
75%
Republica dal Congo
75%
Rumenia
75%
Somalia
75%
Russia
75%
Samoa
75%
Senegal
75%
Serbia
75%
Sierra Leone
75%
Singapur
75%
Siria
75%
Slovachia
75%
Israel
75%
Libanon
75%
Irlanda
75%
Bosnia ed Erzegovina
75%
Cuba
75%
Costa Rica
75%
Columbia
75%
China
75%
Chile
75%
Iran
75%
Canada
75%
Camerun
75%
Burundi
75%
Burkina Faso
75%
Bulgaria
75%
Brunei
75%
Brasilia
75%
Botswana
75%
Bolivia
75%
Ecuador
75%
Armenia
75%
Albania
75%
Algeria
75%
Andorra
75%
Angola
75%
Antigua e Barbuda
75%
Argentinia
75%
Australia
75%
Bhutan
75%
Austria
75%
Bahamas
75%
Bahrain
75%
Barbados
75%
Belize
75%
Benin
75%
Dominica
75%
Vietnam
75%
Ghana
75%
Eswatini
75%
Guatemala
75%
Grenada
75%
Guinea-Bissau
75%
Gujana
75%
Germania
75%
Georgia
75%
Gambia
75%
Haiti
75%
Guinea
75%
Honduras
75%
India
75%
Etiopia
75%
Indonesia
75%
Finlanda
75%
El Salvador
75%
Eritrea
75%
Estonia
75%
Irac
75%
Usbekistan
50%
Danemarc
50%
Mosambic
50%
Giamaica
50%
Slovenia
50%
Spagna
50%
Emirats Arabs Unids
50%
Corea dal Nord
50%
Grezia
50%
Africa dal Sid
50%
Sudan dal Sid
50%
Belgia
50%
Svezia
50%
Simbabwe
50%
Croazia
50%
Tschad
50%
Arabia Saudita
50%
Corea dal Sid
50%
Ungaria
50%
Inslas da Marshall
50%
Filippinas
50%
Republica Centrafricana
50%
Casachstan
50%
Republica Dominicana
50%
Tansania
50%
Inslas da Salomon
50%
Cosovo
50%
Nova Zelanda
50%
Sambia
50%
Maledivas
50%
Gabun
50%
Tirchia
25%
Guinea Equatoriala
25%
Aserbeidschan
25%
Timor da l'Ost
25%
Egipta
25%
Tailanda
25%
Cap Verd
25%
Dschibuti
25%
Costa d'Ivur
25%
Pajais Bass
25%
Cipra
25%
Pologna
25%
Fidschi
25%
Republica Tscheca
25%
Frantscha
25%
Tadschikistan
25%
Cambodscha
25%
Seychellas
25%
Giapun
25%
Bielorussia
25%
Bangladesch
25%
Reginavel Unì
25%
Son Cristof e Nevis
0%
Comoras
0%
Son Vincenz e las
Grenadines
0%
Sontga Lucia
0%

Score Distribution

Percentile by Number Answered

Percent of People with Each Score

Your Score History

You have not taken this quiz